Banana fish knowledge quiz - Statistics

General Stats
  • This quiz has been taken 293 times
  • The average score is 11 of 15
Answer Stats
Question Answer % Correct
What is banana fish? a drug
96%
How does Ash die? Lao stabs him
95%
Why is banana fish sad? Many deaths
94%
Why does Eiji stop pole vault? He gets injured
87%
Does Eiji ever move on from Ash's death? No
87%
What do Yut lung's half brothers do to his mother after their father's death? They rape and kill her
87%
Why is Yut lung hated? He wants to kill Eiji
86%
Who does Yut lung pretend to be when the group first meets him The adopted son of Alexis Dawson
79%
Which one out of these lines is from banana fish If I lose you too, I think i'll go crazy
73%
Who kills skip? Marvin
70%
When was Ash born 12 august
69%
Who gets shot at the end of ep 22 Eiji
61%
Who does Sing marry in the manga Akira, Ibe's niece
57%
Should Yut lung be hated? Not really, he did some wrongs but I still understand him
56%
Who sings Red and found & lost Survive said the prophet
48%
No matching quizzes found
Score Distribution
Percent of People with Each Score
Percentile by Number Answered
Your Score History
You have not taken this quiz